Algebraic logic /
Guardado en:
| Autor Principal: | |
|---|---|
| Formato: | Libro |
| Idioma: | English Russian |
| Publicado: |
New York :
Springer-Verlag,
c1985.
|
| Series: | Problem books in mathematics
|
| Materias: | |
| Etiquetas: |
Agregar Etiqueta
Sin Etiquetas, Sea el primero en etiquetar este registro!
|
| LEADER | 01388pam a2200265 a 4500 | ||
|---|---|---|---|
| 001 | MAT.inmabb003973 | ||
| 008 | 850701s1985####nyua#####b####001#0#eng## | ||
| 005 | 20130312142334.0 | ||
| 245 | 1 | 0 | |a Algebraic logic / |c S. G. Gindikin ; translated by Robert H. Silverman. |
| 260 | |a New York : |b Springer-Verlag, |c c1985. | ||
| 300 | |a xviii, 356 p. : |b il. ; |c 25 cm. | ||
| 440 | 0 | |a Problem books in mathematics | |
| 500 | |a Traducción de: Algebra logiki v zadachakh. | ||
| 504 | |a Bibliografía: p. [348]-351. | ||
| 505 | 0 | |a 1. Operations on propositions -- 2. Logical functions. Normal forms -- 3. Law of duality in algebraic logic -- 4. Arithmetic operations in algebraic logic -- 5. Monotone logical functions -- 6. Functionally closed classes and Post's theorem -- 7. The general theory of functionally closed classes -- 8. Networks of functional elements -- 9. Relay-contact networks. Estimating the complexity of a contact network -- 10. Elements of probabilistic logic -- 11. Multi-valued logics -- 12. Predicate logic. | |
| 510 | 4 | |a MR, |c 87e:03001 | |
| 020 | |a 0387961798 | ||
| 100 | 1 | |a Gindikin, S. G. |q (Semen Grigor´evich) | |
| 240 | 1 | 0 | |a Algebra logiki v zadachakh. |l Inglés |
| 650 | 0 | |a Algebraic logic. | |
| 084 | |a 03-01 (03B05 03B50 03G05 60-01 94C10) |2 msc2000 | ||
| 010 | |a 85014847 | ||
| 040 | |a DLC |c DLC |d DLC | ||
| 041 | 1 | |a eng |h rus | |
| 859 | |h 03 |i G492 |p A-8316 |b BIB. MATEMATICA | ||
